[Event "Zuerich op"]
[Site "Zuerich"]
[Date "1994.??.??"]
[Round "?"]
[White "Pavasovic, Dusko"]
[Black "Shrentzel, Israel"]
[Result "1-0"]
[WhiteElo "2425"]
[BlackElo "2295"]

1.e4 d5 2.exd5 Qxd5 3.Nc3 Qd8 4.d4 Nf6 5.Nf3 g6 6.Bg5 Bg7 7.Qd2 O-O 8.Be2 a6
9.Ne5 Nbd7 10.O-O c5 11.Nxd7 Qxd7 12.dxc5 Qf5 13.Be3 Be6 14.Rfd1 Ng4 15.Nd5 Qxd5
16.Qxd5 Bxd5 17.Bxg4 Rad8 18.c3 f5 19.Be2 f4 20.Rxd5 fxe3 21.Rxd8 exf2+ 22.Kf1 Rxd8
23.Rd1 Rc8 24.Rd7 Rxc5 25.Rxb7 a5 26.Rxe7 Bh6 27.Kxf2 Bc1 28.Rb7 a4 29.c4 a3
30.b4 Rf5+ 31.Bf3 h5 32.c5 Bf4 33.c6 Bxh2 34.c7 Rf8 35.b5 Bd6 36.b6 g5 37.Ke2 g4
38.Bd5+ Kh8 39.Be6  1-0

[Event "London SCCU op"]
[Site "London"]
[Date "1995.08.14"]
[Round "1"]
[White "Chowdhuri, Adway"]
[Black "Cheshire, Paul L"]
[Result "1-0"]
[WhiteElo "1688"]
[BlackElo "1512"]

1.e4 d5 2.exd5 Qxd5 3.Nc3 Qd8 4.d4 g6 5.h3 Bg7 6.Nf3 Nc6 7.Be3 Nf6 8.Bc4 O-O
9.O-O a6 10.a3 b5 11.Ba2 Bb7 12.Re1 b4 13.Na4 Ne4 14.d5 Ne5 15.Nxe5 Bxe5
16.Bh6 f5 17.Bxf8 Qxf8 18.f3 Bg3 19.fxe4 Bxe1 20.Qxe1 fxe4 21.Qxe4 Rb8 22.d6+ Kh8
23.Qe5+ Qf6 24.Qxf6+ exf6 25.dxc7 Re8 26.Nc5 Bc6 27.Rd1  1-0

[Event "Regionalliga SO9596"]
[Site "Bayern"]
[Date "1995.??.??"]
[Round "?"]
[White "Unterreitmeier, Reinhold"]
[Black "Kramer, Kurt"]
[Result "1/2-1/2"]
[WhiteElo "1910"]
[BlackElo "1960"]

1.e4 d5 2.exd5 Qxd5 3.Nc3 Qd6 4.d4 Nf6 5.Nf3 a6 6.Be2 Nbd7 7.O-O e6 8.Bg5 c5
9.Bh4 Be7 10.Bg3 Qc6 11.dxc5 Bxc5 12.Nd4 Bxd4 13.Qxd4 O-O 14.Rad1 Re8 15.Bf3 Qb6
16.Qc4 Qc5 17.Qb3 Ne5 18.Be2 b5 19.Rfe1 Nc6 20.Bd6 Qa7 21.Bf3 Bb7 22.Bxc6 Bxc6  1/2-1/2

[Event "Regionalliga NO9495"]
[Site "Bayern"]
[Date "1995.??.??"]
[Round "2"]
[White "Burkhardt, Holger"]
[Black "Wulfmeyer, Johannes"]
[Result "0-1"]
[WhiteElo "2075"]
[BlackElo "2055"]

1.e4 d5 2.exd5 Qxd5 3.Nc3 Qd6 4.d4 Nf6 5.Bc4 a6 6.Bb3 e6 7.Nge2 b5 8.Bf4 Qb6
9.O-O c5 10.a3 Bb7 11.Be5 Nbd7 12.Qd2 Be7 13.Qg5 h6 14.Qg3 O-O 15.Kh1 cxd4
16.Bxd4 Bc5 17.Rad1 Rfd8 18.Ba2 Bxd4 19.Rxd4 Nc5 20.Rfd1 Rxd4 21.Rxd4 Nce4
22.Nxe4 Nxe4 23.Qe3 Qc6 24.f3 Nf6 25.c3 Qb6 26.Qe5 Rd8 27.Rxd8+ Qxd8 28.Nd4 Bd5
29.Bb1 Ne8 30.Kg1 Nd6 31.Bd3 Bc4 32.Bc2 Bd5 33.Bd3 Bc4 34.Be4 Qb6 35.b4 f5
36.Qc5 Qd8 37.Bc2 Qh4 38.g3 Qh3 39.Kf2 Qf1+ 40.Ke3 Qe1+ 41.Ne2 Qxe2+ 42.Kd4 Qd2+  0-1

[Event "Regionalliga NO9495"]
[Site "Bayern"]
[Date "1995.??.??"]
[Round "6"]
[White "Krausser, Hans"]
[Black "Stierhof, Rainer"]
[Result "1/2-1/2"]
[WhiteElo "1980"]
[BlackElo "2015"]

1.e4 d5 2.exd5 Qxd5 3.Nc3 Qd6 4.Nf3 Nf6 5.Bc4 a6 6.Qe2 e6 7.Ne4 Nxe4 8.Qxe4 Qc6
9.Qxc6+ Nxc6 10.O-O Bd6 11.d4 O-O 12.c3 b6 13.Bd2 Bb7 14.Rad1 e5 15.dxe5 Nxe5
16.Nxe5 Bxe5 17.Bc1 Bd6 18.Bd5 Bxd5 19.Rxd5 Rad8 20.Rfd1 Be7 21.Kf1 Rxd5
22.Rxd5 Rd8 23.Rxd8+ Bxd8 24.c4 Kf8 25.Ke2 Ke8 26.Kd3 Kd7 27.b3 Ke6 28.f3 c6
29.Ke4 Be7 30.a4 Bd6 31.h3 Bg3 32.Bb2 g6 33.Bc3 Bc7 34.Bd4 Bd8 35.Bc3 Bc7  1/2-1/2

[Event "Berliner Sommer"]
[Site "Berlin"]
[Date "1995.??.??"]
[Round "5"]
[White "Bologan, Viktor"]
[Black "Muse, Drazen"]
[Result "1-0"]
[WhiteElo "2530"]
[BlackElo "2325"]

1.e4 d5 2.exd5 Qxd5 3.Nc3 Qd6 4.Nf3 Nf6 5.d4 Bg4 6.h3 Bxf3 7.Qxf3 c6 8.Be3 e6
9.O-O-O Qc7 10.Kb1 Nbd7 11.Bc1 Nb6 12.g4 h6 13.h4 O-O-O 14.Bh3 Bd6 15.Ne2 Nfd5
16.b3 c5 17.c4 Nb4 18.Bb2 Rhg8 19.Nc3 a6 20.Ne4 cxd4 21.c5 Be5 22.a3 N4d5
23.cxb6 Qxb6 24.Ka2 Kb8 25.Rc1 Rc8 26.Rhd1 f6 27.Bf1 Rgd8 28.Bc4 Nf4 29.Bd3 Rxc1
30.Rxc1 Rc8 31.Rxc8+ Kxc8 32.Nd2 Qc5 33.Nc4 Bc7 34.Be4 b5 35.Nd2 a5 36.Bd3 f5
37.gxf5 exf5 38.Bb1 g6 39.Nf1 Nd5 40.h5 Nc3+ 41.Bxc3 dxc3 42.Ne3 Bd6 43.b4 axb4
44.Qa8+ Kc7 45.hxg6 b3+ 46.Kxb3 c2 47.Bxc2 Be5 48.Qa5+  1-0

[Event "Bern op"]
[Site "Bern"]
[Date "1995.??.??"]
[Round "2"]
[White "Milov, Leonid"]
[Black "Heilemann, Manfred"]
[Result "1-0"]
[WhiteElo "2525"]
[BlackElo "2255"]

1.e4 d5 2.exd5 Qxd5 3.Nc3 Qd8 4.Nf3 Bg4 5.h3 Bxf3 6.Qxf3 c6 7.Ne4 e6 8.b3 Nf6
9.Nxf6+ Qxf6 10.Qxf6 gxf6 11.Bb2 Nd7 12.O-O-O Rg8 13.g3 O-O-O 14.Be2 Be7
15.d4 Nb6 16.c4 f5 17.Kc2 Bg5 18.Bf3 f4 19.h4 Bh6 20.g4 Bg7 21.Rhe1 Nd7 22.Bc3 c5
23.dxc5 Bxc3 24.Kxc3 Nxc5 25.b4 Nd7 26.Rd4 e5 27.Rd6 Rg6 28.Red1 Rxd6 29.Rxd6 Kc7
30.Rh6 a5 31.Rxh7 axb4+ 32.Kxb4 Ra8 33.a3 Kd6 34.Rh6+ Kc7 35.g5 Re8 36.Be4 b6
37.Rc6+ Kd8 38.f3 Nc5 39.Rxb6 Nxe4 40.fxe4 Kd7 41.Rb7+ Ke6 42.Rb6+ Ke7 43.Kc5 Rd8
44.h5 Rg8 45.Kd5 Rxg5 46.h6 Rh5 47.c5 f5 48.Rb7+ Kf6 49.c6 Rh1 50.h7 Rd1+
51.Kc5 Rc1+ 52.Kb6 Rb1+ 53.Ka6  1-0

[Event "Catania op"]
[Site "Catania"]
[Date "1995.??.??"]
[Round "1"]
[White "Rosino, Antonio"]
[Black "Vukovic, Ivo"]
[Result "1/2-1/2"]
[WhiteElo "2320"]
[BlackElo "2285"]

1.e4 d5 2.exd5 Qxd5 3.Nc3 Qd8 4.d4 Nf6 5.Bg5 c6 6.Bc4 b5 7.Bxf6 exf6 8.Bb3 b4
9.Ne4 f5 10.Ng3 Bd6 11.Qe2+ Qe7 12.Qxe7+ Kxe7 13.Nf3 f6 14.O-O-O Re8 15.Rde1+ Kf8
16.Rxe8+ Kxe8 17.Re1+ Kf8 18.Be6 Bf4+ 19.Kd1 Bxe6 20.Rxe6 Kf7 21.Re1 g6 22.Ne2 Bc7
23.c4 bxc3 24.Nxc3 Na6 25.a3 Rd8 26.Kc2 Bb6 27.Rd1 g5 28.Ne2 Nc7 29.Rd3 Ne6
30.Kc3 Nc7 31.Kc2 Nb5 32.a4 Nc7 33.b4 Nd5 34.Rb3 a6 35.Nd2 Re8 36.Kd3 Bc7
37.b5 cxb5 38.axb5 a5 39.Nc4 Rb8 40.b6 Bxb6 41.Nxa5 Ra8 42.Nc4 Bc7 43.Rb7 Ke6
44.Nc3 Rb8 45.Rxb8 Bxb8 46.Nxd5 Kxd5 47.Ne3+ Ke6 48.h3 f4 49.Nd1 f3 50.gxf3 h5
51.Ne3 f5 52.Ng2 Bh2 53.Ne3 Bg1 54.Ke2 Bh2 55.Nf1 Bc7 56.Kd3 Ba5 57.f4 g4
58.h4 Bd8 59.Ng3 Bxh4 60.Nxh5 Bxf2 61.Ng7+ Kf6 62.Ne8+ Kf7 63.Nc7 Ke7 64.Nd5+ Kd6
65.Ne3 Bxe3 66.Kxe3 Kc6 67.Ke2 Kb5 68.Kd3 Kb4 69.Kd2  1/2-1/2

[Event "Cordoba op"]
[Site "Cordoba"]
[Date "1995.??.??"]
[Round "?"]
[White "Malo Guillen, Jose Luis"]
[Black "Narciso Dublan, Marc"]
[Result "1/2-1/2"]
[WhiteElo "2150"]
[BlackElo "2390"]

1.e4 d5 2.exd5 Qxd5 3.Nc3 Qd6 4.d4 Nf6 5.h3 Bf5 6.Nf3 c6 7.Bd3 Bg6 8.Ne2 Nbd7
9.O-O e6 10.Re1 Qc7 11.c4 Bxd3 12.Qxd3 Bd6 13.c5 Be7 14.Bf4 Qc8 15.Nc3 O-O
16.b4 Rd8 17.Qc2 Nf8 18.Bg3 Nd5 19.Nxd5 Rxd5 20.Re5 Qd7 21.Rxd5 Qxd5 22.Rd1 Nd7
23.a4 Rd8 24.Rd2 h6 25.b5 Nf6 26.Re2 Rc8 27.Re5 Qd8 28.Qc4 b6 29.bxc6 Rxc6
30.Qb5 Qc8 31.cxb6 Rxb6 32.Qd3 Bd6 33.Rb5 Bxg3 34.fxg3 Nd5 35.Ne5 Qc3 36.Qxc3 Nxc3
37.Ra5 a6 38.Kh2 g6 39.Rc5 Nxa4 40.Rc8+ Kg7 41.Rc7 Rd6 42.Rxf7+ Kg8 43.Ra7 Nc3
44.Ra8+ Kg7 45.Ra7+ Kg8 46.Ra8+ Kg7 47.Ra7+  1/2-1/2

[Event "ESP-chT"]
[Site "Cordoba"]
[Date "1995.??.??"]
[Round "3"]
[White "Ochoa de Echaguen, F Javier"]
[Black "Hernando, Antonio"]
[Result "1-0"]
[WhiteElo "2430"]
[BlackElo "2295"]

1.e4 d5 2.exd5 Qxd5 3.Nc3 Qd8 4.d4 Nf6 5.Nf3 Bf5 6.Ne5 e6 7.g4 Be4 8.Nxe4 Nxe4
9.Bg2 Nd6 10.Bxb7 Nxb7 11.Qf3 Qd5 12.Qxf7+ Kd8 13.Bg5+ Kc8 14.Qe8+ Nd8 15.Qxd8+ Qxd8
16.Bxd8 Bb4+ 17.c3 Rxd8 18.cxb4 Rxd4 19.f3 Rxb4 20.O-O-O Nc6 21.Nd3 Rd4 22.Rhe1 Rd6
23.Nc5 e5 24.Nd3 Rd5 25.f4 exf4 26.Nxf4 Rxd1+ 27.Rxd1 Rb8 28.h3 Rb5 29.Re1 Re5
30.Rxe5 Nxe5 31.Kd2 Nc4+ 32.Kc3 Nd6 33.Kd4 Kd7 34.Nh5 Ne8 35.Ke5 Ke7 36.b4 c6
37.Ng3 g6 38.Ne4 h6 39.a4 Nc7 40.Nd6 Kd7 41.Nc4 Nd5 42.b5 cxb5 43.axb5 Nc3
44.Kf6 Ne4+ 45.Kxg6 Nf2 46.h4 Nxg4 47.Kh5 Nf6+ 48.Kxh6 Ne4 49.Kg6 Ng3 50.Kf6 Ne4+
51.Kf5 Ng3+ 52.Kf4 Nh5+ 53.Ke5 Ng3 54.Nd6 Nh5 55.Ne4 Kc7 56.Nf6 Ng7 57.Nd5+ Kd7
58.Nf4 Ke7 59.h5 Kf7 60.Kd6 Nf5+ 61.Ke5 Ne3 62.Kd4 Nf5+ 63.Kc5 Kf6 64.Nd5+ Kg5
65.Nb4 Ne7 66.Nc6 Nc8 67.Nxa7  1-0

[Event "Landesliga N9596 Bayern"]
[Site "Germany"]
[Date "1995.??.??"]
[Round "?"]
[White "Reis, Gerhard"]
[Black "Sattler, Stefan"]
[Result "1/2-1/2"]
[WhiteElo "2145"]
[BlackElo "2060"]

1.e4 d5 2.exd5 Qxd5 3.Nc3 Qd6 4.d4 Nf6 5.Nf3 a6 6.Be3 e6 7.Bc4 b5 8.Bb3 Bb7
9.Qe2 Be7 10.O-O-O Nbd7 11.Rhe1 b4 12.Na4 Bd5 13.Kb1 Bxb3 14.cxb3 Nd5 15.Rc1 O-O
16.Nd2 a5 17.Nc4 Qa6 18.g4 Rfc8 19.g5 N7b6 20.Qh5 Qb5 21.Ne5 Qe8 22.Bd2 Nxa4
23.bxa4 c5 24.dxc5 Rxc5 25.Re4 Rxc1+ 26.Bxc1 g6 27.Qf3 Rc8 28.Bd2 Bf8 29.h4 Bg7
30.Qb3 Bxe5 31.Rxe5 Qc6 32.Re1 Qc4 33.Qxc4 Rxc4 34.Rh1 Kg7 35.Rh3 Kg8 36.h5 gxh5
37.Rxh5 Rg4 38.Rh1 Kg7 39.Rc1 Rg2 40.Rc2 Kg6 41.Bc1 Kf5 42.Rc5 Rxf2 43.Rxa5 Ke5
44.Ra6 f6 45.Ra7 fxg5 46.Bxg5 h5 47.Rh7 Rf5 48.Bd2 Kd4 49.a5 Kd3 50.Bc1 Nf6
51.Rf7 Nd5 52.Rb7 Rf8 53.a6 Ra8 54.a7 h4 55.Rh7 e5 56.Rd7 Ke4 57.Rh7 Nf4
58.Rxh4 Rxa7 59.Bd2 Rb7  1/2-1/2

[Event "Bundesliga 9495"]
[Site "Germany"]
[Date "1995.??.??"]
[Round "?"]
[White "Rechel, Bernd"]
[Black "Mann, Christian"]
[Result "0-1"]
[WhiteElo "2410"]
[BlackElo "2450"]

1.e4 d5 2.exd5 Qxd5 3.Nc3 Qd6 4.Bc4 Nf6 5.Nf3 Bg4 6.h3 Bxf3 7.Qxf3 Nc6 8.Bb5 e6
9.Bxc6+ Qxc6 10.Qxc6+ bxc6 11.b3 Bb4 12.Bb2 Ke7 13.O-O-O Rhd8 14.Rhe1 Rab8
15.Ne2 Ne4 16.Nd4 Nxf2 17.Nxc6+ Kf8 18.Nxb4 Rxb4 19.Ba3 c5 20.Bxb4 cxb4 21.Re5 Nxd1
22.Kxd1 Rd5 23.Re4 Rb5 24.Rc4 a5 25.Rc7 h5 26.Ra7 h4 27.c4 bxc3 28.dxc3 Rg5
29.a4 Rxg2 30.Rxa5 g5 31.Ke1 f5 32.Re5 Ke7 33.a5 Kd6 34.Rb5 g4 35.Kf1 gxh3
36.c4 Rg8 37.Rb6+ Kc7  0-1

[Event "Hajduboszormeny op"]
[Site "Hajduboszormeny"]
[Date "1995.??.??"]
[Round "5"]
[White "Szabo, Gergely"]
[Black "Tamasi, Albert"]
[Result "1/2-1/2"]
[WhiteElo "2035"]
[BlackElo "2280"]

1.e4 d5 2.exd5 Qxd5 3.Nc3 Qd6 4.d4 a6 5.Nf3 Nf6 6.h3 g6 7.g3 b5 8.Bg2 Bb7
9.O-O Bg7 10.Bf4 Qd8 11.Qd2 O-O 12.Bh6 Nbd7 13.Bxg7 Kxg7 14.Rfe1 Nb6 15.Rad1 e6
16.Ne2  1/2-1/2

[Event "Wichern op"]
[Site "Hamburg"]
[Date "1995.??.??"]
[Round "1"]
[White "Kovalev, Andrei"]
[Black "Reuker, Matthias"]
[Result "1-0"]
[WhiteElo "2505"]
[BlackElo "2240"]

1.e4 d5 2.exd5 Qxd5 3.Nc3 Qd6 4.d4 Nf6 5.Nf3 a6 6.Be3 e6 7.Bd3 Nbd7 8.O-O c5
9.Qe2 Qc7 10.d5 Ne5 11.Bf4 Nxf3+ 12.Qxf3 Bd6 13.Bxd6 Qxd6 14.dxe6 Bxe6 15.Qxb7 O-O
16.Rad1 Qf4 17.Ne2 Qe5 18.b3 Bd5 19.Qb6 Ng4 20.Ng3 Rfc8 21.Rde1 Qf4 22.Bf5 Rc6
23.Qb7 Rb8 24.Bxg4  1-0

[Event "Hastings Challengers9596"]
[Site "Hastings"]
[Date "1995.??.??"]
[Round "3"]
[White "Bryson, Douglas M"]
[Black "Ryan, Joseph"]
[Result "1-0"]
[WhiteElo "2405"]
[BlackElo "2210"]

1.e4 d5 2.exd5 Qxd5 3.Nc3 Qd6 4.d4 Nf6 5.Nf3 a6 6.Bg5 Nbd7 7.Qd2 e6 8.O-O-O Be7
9.Bf4 Qc6 10.Qe2 Nd5 11.Nxd5 Qxd5 12.Kb1 c5 13.dxc5 Qxc5 14.g3 O-O 15.Bg2 Nf6
16.Ne5 a5 17.Rd3 Ra6 18.Rc3 Qa7 19.Rd1 Nd5 20.Bxd5 exd5 21.Ng6 hxg6 22.Qxe7 Re6
23.Qc5 Qxc5 24.Rxc5 Re2 25.Be3 Bf5 26.a4 Be4 27.b3 b6 28.Rc7 Rb8 29.Kb2 b5
30.Ra7  1-0

[Event "Hastings Masters"]
[Site "Hastings"]
[Date "1995.??.??"]
[Round "3"]
[White "Kennaugh, Charles"]
[Black "Bronstein, David I"]
[Result "1/2-1/2"]
[WhiteElo "2310"]
[BlackElo "2445"]

1.e4 d5 2.exd5 Qxd5 3.Nc3 Qd6 4.d4 Nf6 5.Bc4 a6 6.Nge2 b5 7.Bb3 Bb7 8.Bf4 Qd8
9.O-O Nbd7 10.Qe1 g6 11.Rd1 Bg7 12.Ng3 O-O 13.a4 c5 14.dxc5 Qc8 15.axb5 axb5
16.Qxe7 Nxc5 17.Bd5 Nxd5 18.Nxd5 Ne6 19.Bc1 Bxd5 20.Rxd5 Qxc2 21.Rxb5 Ra1
22.Be3 Rxf1+ 23.Nxf1 Nd4 24.Bxd4 Bxd4 25.Qh4 Bxb2 26.Qb4 Bg7  1/2-1/2

[Event "Hastings Challengers9596"]
[Site "Hastings"]
[Date "1995.??.??"]
[Round "7"]
[White "Ferguson, Mark"]
[Black "Bronstein, David I"]
[Result "1/2-1/2"]
[WhiteElo "2360"]
[BlackElo "2445"]

1.e4 d5 2.exd5 Qxd5 3.Nc3 Qd6 4.d4 Nf6 5.Nf3 a6 6.h3 e6 7.Be3 b5 8.a3 Bb7
9.Be2 Nbd7 10.O-O c5 11.dxc5 Qxd1 12.Raxd1 Bxc5 13.Bxc5 Nxc5 14.Ne5 Ke7 15.Rd4 Rhd8
16.Rfd1 Rxd4 17.Rxd4 Rc8 18.f3 g5 19.h4 h6 20.Kf2 Ncd7 21.Nxd7 Nxd7 22.hxg5 hxg5
23.a4 bxa4 24.Rxa4 Rc6 25.Ke3 Rb6 26.b3 Rc6 27.Rc4 Rxc4 28.Bxc4 a5 29.g3 Ne5
30.Be2 Bc6  1/2-1/2

[Event "Hastings Challengers9596"]
[Site "Hastings"]
[Date "1995.??.??"]
[Round "7"]
[White "Brustkern, Juergen"]
[Black "Heinzel, Olaf"]
[Result "0-1"]
[WhiteElo "2215"]
[BlackElo "2310"]

1.e4 d5 2.exd5 Qxd5 3.Nc3 Qd6 4.d4 a6 5.Bc4 Nf6 6.Nf3 b5 7.Bb3 Bb7 8.O-O e6
9.Bg5 Nbd7 10.Re1 b4 11.Nb1 Be7 12.Nbd2 Nb6 13.c4 bxc3 14.bxc3 O-O 15.c4 c5
16.Rc1 Nbd7 17.d5 exd5 18.cxd5 Rfe8 19.Nc4 Qxd5 20.Nce5 Qxd1 21.Bxf7+ Kf8
22.Rexd1 Bxf3 23.Nxd7+ Nxd7 24.Bxe8 Bxg5 25.Bxd7 Bxd1 26.Rxd1 c4 27.Rd5 Rd8
28.Be6 c3 29.Rxd8+ Bxd8 30.Bb3 Ke7 31.Kf1 Kd6 32.Ke2 Kc5 33.Bc2 h6 34.a3 Kd4
35.Bb3 Bb6 36.Ba2 Bc5 37.Bb3 Bxa3 38.g3  0-1

[Event "Hastings Challengers9596"]
[Site "Hastings"]
[Date "1995.??.??"]
[Round "11"]
[White "Mortensen, Erling"]
[Black "Bronstein, David I"]
[Result "1/2-1/2"]
[WhiteElo "2430"]
[BlackElo "2445"]

1.e4 d5 2.exd5 Qxd5 3.Nc3 Qd6 4.d4 Nf6 5.Nf3 a6 6.Ne5 Nc6 7.Bf4 Nxd4 8.Bc4 Be6
9.Bxe6 Nxe6 10.Qf3 Nxf4 11.Qxf4 e6 12.O-O Be7 13.Ne4 Qd5 14.Rfe1 Rd8 15.c4 Qd4
16.Nf3 Qd7 17.Ne5 Qd4 18.Nf3 Qd7 19.Ne5 Qd4  1/2-1/2

[Event "HUN-chT2 9495"]
[Site "HUN"]
[Date "1995.??.??"]
[Round "?"]
[White "Molnar, Laszlo"]
[Black "Rozsa, Peter"]
[Result "1-0"]
[WhiteElo "2260"]
[BlackElo "2185"]

1.e4 d5 2.exd5 Qxd5 3.Nc3 Qd6 4.d4 Nf6 5.Nge2 Bf5 6.Bf4 Qd7 7.Ng3 Bg6 8.Bb5 c6
9.Bc4 e6 10.O-O Be7 11.Re1 Nd5 12.Be5 Nxc3 13.bxc3 O-O 14.Nh5 Bxh5 15.Qxh5 Qd8
16.Re3 Nd7 17.Rh3 h6 18.Bxg7  1-0

[Event "Katowice op"]
[Site "Katowice"]
[Date "1995.??.??"]
[Round "1"]
[White "Nikolenko, Oleg"]
[Black "Nagrocka, Ewa"]
[Result "1-0"]
[WhiteElo "2480"]
[BlackElo "2165"]

1.e4 d5 2.exd5 Qxd5 3.Nc3 Qd6 4.d4 Nf6 5.Nf3 Bg4 6.h3 Bxf3 7.Qxf3 c6 8.Be3 e6
9.O-O-O Qc7 10.Ne4 Nxe4 11.Qxe4 Nd7 12.c4 Nf6 13.Qc2 Bd6 14.g3 Qa5 15.Kb1 O-O
16.Bg2 Rac8 17.Rd3 b5 18.c5 Be7 19.Ra3 Qc7 20.Qd2 Nd5 21.Bxd5 exd5 22.Qa5 Qd7
23.Qxa7 Qf5+ 24.Ka1 Bf6 25.Qa5 Qe4 26.Rd1 Rfe8 27.Qd2 Rb8 28.g4 b4 29.Rb3 Bd8
30.Bf4 Ba5 31.Bxb8 Rxb8 32.Re1 Qg6 33.Qe2 h6 34.Qa6 Bc7 35.Qa7 Bh2 36.Qd7 Qc2
37.f4  1-0

[Event "Katowice op"]
[Site "Katowice"]
[Date "1995.??.??"]
[Round "3"]
[White "Borngaesser, Rene"]
[Black "Nagrocka, Ewa"]
[Result "1/2-1/2"]
[WhiteElo "2365"]
[BlackElo "2165"]

1.e4 d5 2.exd5 Qxd5 3.Nc3 Qd6 4.Nge2 Nf6 5.d4 c6 6.Bf4 Qd8 7.f3 Bf5 8.g4 Bg6
9.Be5 Nbd7 10.Nf4 Qa5 11.Qe2 e6 12.O-O-O Bb4 13.Nb1 Qxa2 14.h4 Nd5 15.h5 Bxc2
16.Kxc2 N7b6 17.Nxd5 Nxd5 18.Bxg7 Rg8 19.Bh6 b5 20.Qd3 Bf8 21.Bd2 Qa4+ 22.Kc1 Bb4
23.Qc2 Qa6 24.Bxb4 Nxb4 25.Qb3 Qa5 26.Qa3 Qxa3 27.Nxa3  1/2-1/2

[Event "Katowice op"]
[Site "Katowice"]
[Date "1995.??.??"]
[Round "8"]
[White "Labuckas, Aidas"]
[Black "Marzec, Jaroslaw"]
[Result "1-0"]
[WhiteElo "2320"]
[BlackElo "2195"]

1.e4 d5 2.exd5 Qxd5 3.Nc3 Qd8 4.d4 e6 5.Nf3 Nf6 6.Bd3 c5 7.O-O cxd4 8.Nxd4 a6
9.Re1 Be7 10.Nf3 Nc6 11.Qe2 Nd4 12.Nxd4 Qxd4 13.Qf3 O-O 14.Bf4 Qb4 15.a3 Qb6
16.Be5 Bd7 17.Qh3 h6 18.Ne4 Nxe4 19.Rxe4 f5 20.Rd4 Bb5 21.Qg3 Rf7 22.Bxb5 Qxb5
23.Rad1 Bf8 24.c4 Qxb2 25.Qg6 Qb6 26.Rh4 Rd8 27.Rf1 Bc5 28.Rxh6 Bxf2+ 29.Kh1 Bd4
30.Bg3 Rf6 31.Qh7+ Kf7 32.Rh4 Rg6 33.Qh5 Bf6 34.Rhf4 Rd3 35.Bh4 Qc6 36.Qe2 Bxh4
37.Rxh4 Rxa3 38.Rg1 b5 39.Qf2 Rd3 40.Rh8 Rd7 41.cxb5 axb5 42.Qa2 Qd5 43.Qb2 Rg4
44.h3 Rd4 45.Qe2 Ke7 46.Qh5 Kd6 47.Rc8 f4 48.Qh8 Qg5 49.Re1 Qf6 50.Ra8 Rd5
51.Qb8+ Kc5 52.Qc8+ Kd6 53.Qb8+ Kc5 54.Raa1 Rd2 55.Rab1 f3 56.Qxb5+ Kd6 57.Qb4+ Kc7
58.Qb6+  1-0

[Event "HUN-ch U16"]
[Site "Paks"]
[Date "1995.??.??"]
[Round "?"]
[White "Toth, Gabor"]
[Black "Medvegy, Zoltan"]
[Result "1/2-1/2"]
[WhiteElo "2070"]
[BlackElo "2125"]

1.e4 d5 2.exd5 Qxd5 3.Nc3 Qd8 4.d4 g6 5.h3 Bg7 6.Nf3 Nf6 7.Bd3 O-O 8.O-O b6
9.Ne4 Bb7 10.Nxf6+ Bxf6 11.c3 Nd7 12.Bc4 c5 13.Bh6 Bg7 14.Bxg7 Kxg7 15.Re1 Rc8
16.dxc5 Rxc5 17.Bb3 e6 18.Re3 Bd5 19.Nd4 Nf6 20.Bxd5 Qxd5 21.Qe2 Re8 22.Nb3 Rc7
23.Rd1 Qc6 24.Red3 Rec8 25.Qe5 Qe4 26.Qxe4 Nxe4 27.Rd7  1/2-1/2

[Event "Santiago zt"]
[Site "Santiago"]
[Date "1995.??.??"]
[Round "3"]
[White "Godoy Bugueno, David A"]
[Black "Bianchi, Guillermo"]
[Result "1/2-1/2"]
[WhiteElo "2355"]
[BlackElo "2425"]

1.e4 d5 2.exd5 Qxd5 3.Nc3 Qd6 4.Bc4 Nc6 5.Nf3 Nf6 6.d3 a6 7.a3 g6 8.Ng5 Nd8
9.Qe2 Bg7 10.Bd2 O-O 11.O-O-O b5 12.Bb3 Nc6 13.Be3 Bb7 14.Kb1 Na5 15.Nge4 Nxe4  1/2-1/2

[Event "Stockholm-B"]
[Site "Stockholm"]
[Date "1995.??.??"]
[Round "11"]
[White "Couso, Luis"]
[Black "Poley, Vladimir"]
[Result "1/2-1/2"]
[WhiteElo "2335"]
[BlackElo "2355"]

1.e4 d5 2.exd5 Qxd5 3.Nc3 Qd8 4.d4 g6 5.Bc4 Nh6 6.Nf3 Bg7 7.O-O O-O 8.Ne4 Bg4
9.c3 Nd7 10.h3 Bxf3 11.Qxf3 e5 12.Bg5 Qc8 13.g4 Kh8 14.Nf6 exd4 15.cxd4 Nxf6
16.Bxf6 Nf5 17.Bxg7+ Nxg7 18.Qf6 h5 19.f3 Qd8 20.Qxd8 Raxd8 21.Rfd1 f5 22.Kg2 fxg4
23.fxg4 Rf4 24.Be2 Rfxd4 25.Rxd4 Rxd4 26.Rd1 Rxd1 27.Bxd1 Kg8 28.gxh5 Nxh5
29.Kf3 Kf7 30.Kg4 Kf6 31.Bf3 b6 32.Bb7 c5 33.Kf3 g5 34.Ke4 Nf4 35.h4 Ne6
36.hxg5+ Nxg5+ 37.Kd5 Ke7 38.Kc4 Kd6 39.Kb5 Kc7 40.Bd5 Nh7 41.b4 Nf6 42.Bg2 cxb4
43.Kxb4 Ne8 44.a4 a5+ 45.Kb5 Nd6+ 46.Ka6 Nc4  1/2-1/2

[Event "JUG-chT"]
[Site "Tivat"]
[Date "1995.??.??"]
[Round "2"]
[White "Popovic, Petar"]
[Black "Vukovic, Zdravko"]
[Result "1/2-1/2"]
[WhiteElo "2555"]
[BlackElo "2470"]

1.e4 d5 2.exd5 Qxd5 3.Nc3 Qd8 4.d4 Nf6 5.Bg5 c6 6.Qd2 Bf5 7.Nf3 e6 8.Nh4 h6
9.Bxf6 Qxf6 10.Nxf5 Qxf5 11.Bd3 Qa5 12.O-O Nd7 13.Qf4 Be7 14.Ne4 Nf6 15.b4 Qd8
16.Nxf6+ Bxf6 17.c3 O-O 18.Rfe1 a5 19.b5 cxb5 20.Qe4 g6 21.Bxb5  1/2-1/2

[Event "Tula"]
[Site "Tula"]
[Date "1995.??.??"]
[Round "?"]
[White "Shestoperov, Aleksej"]
[Black "Kozlov, Vladimir N"]
[Result "1/2-1/2"]
[WhiteElo "2445"]
[BlackElo "2255"]

1.e4 d5 2.exd5 Qxd5 3.Nc3 Qd8 4.d4 c6 5.Bc4 Bf5 6.Nf3 e6 7.O-O Nd7 8.Re1 Ngf6
9.Bb3 Be7 10.h3 O-O 11.Nh4 Bg6 12.Nxg6 hxg6 13.Qf3 Nb6 14.Ne2 a5 15.a4 Nbd5
16.Bg5 Qb6 17.Rad1 Rad8 18.Ng3 Rd7 19.Nf1 Rfd8 20.Ne3 Nxe3 21.Bxe3 Nd5 22.Bc1 Bf6  1/2-1/2

[Event "Villa Martelli"]
[Site "Villa Martelli"]
[Date "1995.??.??"]
[Round "7"]
[White "Malbran, Guillermo"]
[Black "Bianchi, Guillermo"]
[Result "0-1"]
[WhiteElo "2355"]
[BlackElo "2430"]

1.e4 d5 2.exd5 Qxd5 3.Nc3 Qd6 4.d4 Nf6 5.Nf3 a6 6.Ne5 Nc6 7.Nxc6 Qxc6 8.d5 Qb6
9.Be2 Bf5 10.Bf3 O-O-O 11.Qd2 g5 12.h3 h5 13.Qe3 Rd6 14.Qxb6 Rxb6 15.Bxg5 Rxb2
16.Nd1 Rb6 17.Ne3 Bg6 18.O-O Ne4 19.Bxe4 Bxe4 20.Bf4 Bg7 21.Rab1 Bd4 22.Rxb6 Bxb6
23.c4 Rg8 24.g3 Kd7 25.h4 Bc5 26.Rd1 Rg6 27.Be5 Rb6 28.Bc3 Rb1 29.Rxb1 Bxb1
30.a4 Ba2 31.Kg2 Bxe3 32.fxe3 Bxc4 33.e4 e6 34.dxe6+ Bxe6 35.a5 Kc6 36.Kf2 b6
37.Ke3 Kd6 38.axb6 cxb6 39.g4 Bxg4 40.Kd4 Be6 41.Bb4+ Kc6 42.Be7 b5 43.Kd3 Kc7
44.Kd4 Kc6 45.Kd3 Bh3 46.Bd8 Kc5 47.Be7+ Kb6 48.Bd8+ Kc6 49.Kc3 Bg2 50.Kd4 b4
51.Ke3  0-1

[Event "Wrexham"]
[Site "Wrexham"]
[Date "1995.??.??"]
[Round "1"]
[White "Hartman, Christer"]
[Black "Bronstein, David I"]
[Result "1-0"]
[WhiteElo "2345"]
[BlackElo "2445"]

1.e4 d5 2.exd5 Qxd5 3.Nc3 Qd6 4.d4 Nf6 5.Nf3 a6 6.Be2 e6 7.O-O Nbd7 8.Bg5 c5
9.Bh4 cxd4 10.Nxd4 Be7 11.Bg3 Qb6 12.Nb3 O-O 13.a4 Nc5 14.a5 Qb4 15.Bd6 Rd8
16.Bxe7 Rxd1 17.Rfxd1 Bd7 18.Bxc5 Qh4 19.Rd4 Qg5 20.f4 Qg6 21.Bd3 Qh5 22.Ne4 Bc6
23.Nxf6+ gxf6 24.Re1 Re8 25.Be4 Bxe4 26.Rexe4 Rc8 27.Be7 Kg7 28.c3 Qf5 29.h3 h5
30.Kh2 h4 31.Bb4 Rd8 32.Nc5 Rxd4 33.cxd4 Qd5 34.f5 exf5 35.Rxh4 Qd6+ 36.g3 Qe7
37.Rf4 Qe2+ 38.Kg1 Kg6 39.Bc3 Qe3+ 40.Kg2 Qe2+ 41.Rf2 Qc4 42.Kh2 Qb5 43.Kg1 b6
44.axb6 Qxb6 45.Nd3 a5 46.Nf4+ Kh6 47.d5 a4 48.Kg2 Qd6 49.Rd2 Kg5 50.Rd3 Kh6
51.h4 a3 52.bxa3 Qxa3 53.Bxf6 Qa2+ 54.Kh3 Qb1 55.Kg2 Qc2+ 56.Kf3 Qc1 57.Bd4 Qf1+
58.Bf2 Qh1+ 59.Ke2 Qe4+ 60.Be3 Kh7 61.d6  1-0

[Event "EU-ch U20 Girls"]
[Site "Zanka"]
[Date "1995.??.??"]
[Round "8"]
[White "Velcheva, Maria"]
[Black "Khurtsilava, Inga"]
[Result "1-0"]
[WhiteElo "2285"]
[BlackElo "2215"]

1.e4 d5 2.exd5 Qxd5 3.Nc3 Qd8 4.d4 g6 5.Bf4 Bg7 6.Qd2 c6 7.O-O-O Nf6 8.Bh6 O-O
9.h4 Qa5 10.h5 Bxh6 11.Qxh6 Ng4 12.Qd2 g5 13.h6 Kh8 14.Rh5 Qf5 15.f3 Qf6
16.Nh3 Nh2 17.Bc4 b5 18.Nxg5 bxc4 19.Rxh2 Rg8 20.Nge4 Qg6 21.g4 Nd7 22.Rh5 Nf6
23.Nxf6 Qxf6 24.Qe3 Qe6 25.Re5 Qf6 26.Ne4 Qh4 27.Qf4 f6 28.Rh5 Rxg4 29.Rxh4 Rxf4
30.Rxf4 Be6 31.Rg1 Rd8 32.Nc5 Bd5 33.Re1 Re8 34.Rxf6  1-0

[Event "AUT-chT2S 9697"]
[Site "Austria"]
[Date "1996.??.??"]
[Round "5"]
[White "Starc, Christian"]
[Black "Wegerer, Fred"]
[Result "1/2-1/2"]
[WhiteElo "2320"]
[BlackElo "2190"]

1.e4 d5 2.exd5 Qxd5 3.Nc3 Qd6 4.Nf3 Bg4 5.Be2 Nf6 6.O-O c6 7.d4 Nbd7 8.Bg5 e6
9.Qd2 Qc7 10.Ne5 Bxe2 11.Qxe2 Bd6 12.Rfe1 O-O 13.Rad1 h6 14.Bh4 a6 15.Bg3 Rad8
16.Nxd7 Rxd7 17.Be5 Nd5 18.Nxd5 cxd5 19.Rd3 Bxe5 20.dxe5 Rc8 21.c3 Qc4 22.a3 Qb5
23.h3 Rc4 24.Qd2 Kf8 25.Rf1 Re4 26.f4 Rc7 27.Rdf3 Re2 28.Qd4 Qxb2 29.Rg3 Qxa3
30.Kh2 Re4 31.Qa7 Qc5 32.Qb8+ Rc8 33.Qxb7 g6 34.Qxa6 Qc4 35.Qd6+ Kg8 36.h4 h5  1/2-1/2

[Event "AUT-chT2S 9697"]
[Site "Austria"]
[Date "1996.??.??"]
[Round "7"]
[White "Dohr, Alexander"]
[Black "Stiffler, Emil"]
[Result "1-0"]
[WhiteElo "2125"]
[BlackElo "2040"]

1.e4 d5 2.exd5 Qxd5 3.Nc3 Qd6 4.Be2 Nf6 5.d4 a6 6.Bf3 e6 7.Nge2 Be7 8.O-O O-O
9.Bf4 Qd7 10.Qd3 Nc6 11.a3 Rd8 12.Rad1 Nd5 13.Bg3 Bf6 14.Ne4 Be7 15.Rfe1 b6
16.c4 Nf6 17.Nxf6+ Bxf6 18.Be4 Kf8 19.Qf3 Bb7 20.h3 Rab8 21.d5 Ne5 22.Qh5 g6
23.Qxh7 Ke7 24.Qh6 Ba8 25.Nd4 c5 26.dxe6 Qa4 27.b3 Qa5 28.Bxe5 Bxe5 29.Bxa8 Bxd4
30.exf7+ Kxf7 31.Bd5+  1-0